Microsoft Visual Basic. NET: curso de programación

Uloženo v:
Podrobná bibliografie
Hlavní autor: Ceballos Sierra, Francisco Javier (Autor)
Médium: Kniha
Jazyk:španělština
Vydáno: Cuernavaca Alfaomega 2008
Vydání:1a. ed
Témata:
Tagy: Přidat tag
Žádné tagy, Buďte první, kdo vytvoří štítek k tomuto záznamu!

MARC

LEADER 00000nam a2200000 a 4500
001 UCG2712
003 CL-VaPUC
008 100723e20080500MX |||||||||||||||||spa|d
020 |a 9789701513705 
082 0 4 |a 005.1  |b CEB  |2 21 
100 0 |a Ceballos Sierra, Francisco Javier  |e author  |9 551259 
245 1 0 |a Microsoft Visual Basic. NET: curso de programación 
250 |a 1a. ed 
300 |a 803 p 
942 |c BK 
945 |d 20100723 00:00:00  |a dcastane 
260 |a Cuernavaca  |b Alfaomega  |c 2008 
500 |a Incluye CD 
600 0 7 |a VISUAL BASIC NET  |2 CL-VaPUC  |9 551260 
650 0 |a Programación   |9 259316 
650 0 |a Computadores  |9 258188 
583 |a last modification  |c 20100723 00:00:00  |k Rodrigo Vera 
999 |c 341839  |d 341837 
952 |0 0  |1 0  |2 ddc  |4 0  |6 005_100000000000000_CEB_2008  |7 0  |8 A  |9 437625  |a BIBING  |b BIBING  |c RES  |d 2019-11-22  |i 4695852  |o 005.1 CEB 2008  |p 4695852  |r 2025-01-20  |w 2019-11-22  |y BK  |k CCI